000 00913nam a22002417a 4500
999 _c18198
_d18198
003 AR-CdUCM
008 190513b ||||| |||| 00| 0 spa d
040 _aMUNICIPALIDAD PROVINCIAL DEL CUSCO
_cBIBLIOTECA MUNICIPAL DEL CUSCO
041 _hger
082 _a140 /
_bH36
100 _aHeimsoeth, Heinz
_938654
245 _aLos seis grandes temas de la metafísica occidental /
260 _aMadrid :
_bRevista de Occidente.
300 _a325 páginas ;
_c22 cm.
440 _aBiblioteca de la Revista de Occidente / Nuevos Hechos - Nuevas Ideas.
_n27
_938655
505 _aContenido: Dios y el mundo -- La infinitud en lo finito -- El alma y el mundo exterior -- El ser y la vida -- El individuo ...
650 _aMetafísica
_92817
650 _aFilosofía moderna
_913004
650 _aHistoria
_9136
700 _aGaos, José (traducción)
_938656
942 _2ddc
_cLIBROS
945 _aachl
_d2019-05-13